[Event "Mogliano Veneto op-C 31st"]
[Site "Mogliano Veneto"]
[Date "2010.05.01"]
[Round "2"]
[White "Caruso, Gaetano"]
[Black "Paneghel, Silla"]
[Result "1/2-1/2"]
[WhiteElo "1502"]
[BlackElo "1392"]
[PlyCount "76"]
[EventDate "2010.04.30"]
[EventType "swiss"]
[EventRounds "5"]
[EventCountry "ITA"]
[SourceTitle "EXT 2023"]
[Source "ChessBase"]
[SourceDate "2022.10.05"]
[SourceVersion "1"]
[SourceVersionDate "2022.10.05"]
[SourceQuality "1"]

1. d4 d5 2. c4 Nf6 3. Nc3 Nc6 4. Nf3 e6 5. a3 Be7 6. e3 0-0 7. Be2 b6 8. 0-0 Bb7 9. b3 Re8 10. Ne5 Nxe5 11. dxe5 Nd7 12. f4 dxc4 13. Bxc4 Nc5 14. Qc2 f5 15. b4 Be4 16. Qd2 Bd3 17. Bxd3 Qxd3 18. Qxd3 Nxd3 19. Nb5 Rec8 20. Rd1 Nxc1 21. Raxc1 c5 22. Nd6 Rc7 23. Rc2 Rd8 24. Rcd2 Rcd7 25. bxc5 bxc5 26. Kf2 c4 27. Nxc4 Rxd2+ 28. Rxd2 Rxd2+ 29. Nxd2 Bxa3 30. Nc4 Bc5 31. Ke2 Kf7 32. Kd3 Ke7 33. h3 Kd7 34. g4 g6 35. gxf5 gxf5 36. e4 fxe4+ 37. Kxe4 Kc6 38. f5 Kd7 1/2-1/2